Prekážky v podnikaní na Slovensku bakalárska práca

Saved in:
Bibliographic Details
Main Author: Babík, Marián
Corporate Author: Národohospodárska fakulta EU. Katedra financií
Other Authors: Šabíková, Ingrid
Format: Book
Language:Slovak
Published: Bratislava 2010
Tags: Add Tag
No Tags, Be the first to tag this record!

MARC

LEADER 00000nbm a2200000 4500
001 0133182
005 20161109111512.1
041 0 |a slo 
044 |a SK 
245 1 0 |a Prekážky v podnikaní na Slovensku  |b bakalárska práca  |c Marián Babík ; školiteľ: Ingrid Šabíková 
264 1 |a Bratislava  |c 2010 
300 |a 62 s. 
100 1 |a Babík, Marián 
700 1 |a Šabíková, Ingrid 
710 2 |a Národohospodárska fakulta EU. Katedra financií